| 000 | 00440nam a22001697a 4500 | ||
|---|---|---|---|
| 020 | _a0-919452-31-0 | ||
| 041 | _aeng | ||
| 080 | _a82 | ||
| 090 | _bСЛА | ||
| 100 | _aСлавутич Яр | ||
| 245 | _aУкраїнська Шекспіріяна на Заході 2 | ||
| 260 |
_bСлавута _c1990 |
||
| 300 | _a112 | ||
| 520 | _0дослідження, статті, переклади | ||
| 650 | _aScience | ||
| 999 |
_c282244 _d282244 |
||
| 942 | _cBK | ||